Intruduction to chemical principles
| Main Author: | |
|---|---|
| Format: | Section = Libro |
| Language: | Undetermined Spanish |
| Published: |
Philadelphia
Saunders Collage
1982
|
| Edition: | 3a.ed. |
| Subjects: |
| LEADER | 00537nam a2200205Ia 4500 | ||
|---|---|---|---|
| 008 | 240830s9999 xx 000 0 und d | ||
| 020 | |a 0-03-058432-9 | ||
| 040 | |a CEDOC FIQ-RUSB / 540 P481 | ||
| 041 | |a spa | ||
| 082 | |a 540 P481 | ||
| 100 | 1 | |a Peters, Edward I | |
| 245 | 1 | 0 | |a Intruduction to chemical principles |
| 250 | |a 3a.ed. | ||
| 260 | |a Philadelphia |b Saunders Collage |c 1982 | ||
| 300 | |a 654 p.: il. | ||
| 650 | 7 | |a QUÍMICA GENERAL | |
| 650 | 7 | |b LEY DE CONSERVACIÓN DE LA MASA | |
| 942 | |c BK |2 ddc | ||
| 991 | |a TEXTO | ||
| 999 | |c 13047 | ||